Stemmi Squadre di calcio dal dettaglio - Quiz n°6 - Statistics

Statistiche generali
  • Questo quiz è stato fatto 12 volte
  • Il punteggio medio è 7 su 10
Statistiche sulle risposte
con Immagini Risposta % Corretto
Torino
100%
Valencia
100%
Catanzaro
92%
Shakhtar Donetsk
92%
Ternana
92%
Cadice
58%
Deportivo La Coruña
58%
Djurgården
33%
Sheffield Wednesday
33%
Rosario Central
0%
Nessun quiz corrispondente trovato
Distribuzione punteggi
Percentuale di utenti per punteggio
Percentile per numero di risposta
I tuoi punteggi nel tempo
Non hai fatto questo quiz